000 00982nam a22002297a 4500
999 _c177296
_d177296
005 20210217165315.0
010 _aB-736917
020 _a9788123752518
_c140.00
035 _aB-736917
037 _bGift/Eng/03-02-2021
082 _a320.954
100 _aKashyap, Subhash C.
245 _aOur political system /
_cby Subhash C. Kashyap
260 _aNew Delhi
_bNational Book Trust
_c2013
270 _aNehru Bhawan 5, Institutional Area, Ph-II, Vasant Kunj
_bNew Delhi
_e110070
300 _aviii, 420p.
_c22cm(pbk)
490 _aIndia-the land and the people
500 _aIncludes bibliographical references and index
520 _aCollection of lectures delivered on diverse aspects of Indian life and culture by various authors; festschrift volume.
942 _2ddc
_cEN
_mKAS
_h320.954